| 000 | 00579cam a22002291 4500 | ||
|---|---|---|---|
| 001 | sa 65000952 | ||
| 003 | DLC | ||
| 005 | 20260227112106.0 | ||
| 008 | 890711m19649999ii 000 0 telo | ||
| 010 | _asa 65000952 | ||
| 035 | _a(OCoLC)19993016 | ||
| 040 |
_aDLC _cWaU _dDLC |
||
| 042 | _apremarc | ||
| 043 | _aa-ii--- | ||
| 050 | 0 | 0 |
_aDS485.A55 _bS86 |
| 100 | 2 |
_aSurya Prakasa Rao, Dasika, _d1898- |
|
| 245 | 1 | 0 | _aTējōmūrtulu. |
| 260 | _c[1964- | ||
| 300 |
_av. _c18 cm. |
||
| 500 | _aIn Telugu. | ||
| 651 | 0 |
_aAndhra Pradesh (India) _vBiography _vJuvenile literature. |
|
| 999 |
_c61830 _d61830 |
||